Statistics for Countries Without a U.S. Embassy

Click here to take the quiz!

General Stats

  • This quiz has been taken 24,423 times
    (21,837 since last reset)
  • The average score is 18 of 32

Answer Stats

LocationCountries% Correct
North Korea
90%
Iran
81%
Doha, QatarAfghanistan
69%
Rome, ItalyVatican City
69%
Tuvalu
67%
Nauru
66%
San Marino
65%
Vanuatu
65%
Andorra
63%
Liechtenstein
63%
Syria
63%
Monaco
62%
Tonga
62%
Kiribati
61%
Samoa
61%
Bridgetown, BarbadosSaint Kitts and Nevis
60%
Solomon Islands
60%
Bridgetown, BarbadosSaint Lucia
59%
Bridgetown, BarbadosSaint Vincent and the Grenadines
58%
Riyadh, Saudi ArabiaYemen
56%
Seychelles
54%
Bridgetown, BarbadosAntigua and Barbuda
53%
Bridgetown, BarbadosGrenada
53%
Taiwan
53%
Comoros
51%
São Tomé and Príncipe
50%
Maldives
49%
Bridgetown, BarbadosDominica
47%
Bhutan
44%
Bogota, ColombiaVenezuela
39%
Tunis, TunisiaLibya
34%
Guinea-Bissau
15%

Score Distribution

Percentile by Number Answered

Percent of People with Each Score

Your Score History

You have not taken this quiz since the last reset